| 000 | 00667nam a22002297a 4500 | ||
|---|---|---|---|
| 003 | OSt | ||
| 005 | 20140310181920.0 | ||
| 008 | 130718t xxu||||| |||| 00| 0 eng d | ||
| 020 | _a0030573599 | ||
| 050 |
_aQC 21.2 _b.H758 2002 |
||
| 082 |
_aTR 530 _bH74le 2002 |
||
| 100 | _aBiedenweg, Douglas W. | ||
| 245 |
_aHolt Physcis : _blaboratory experiments / _cDouglas W. Biedenweg |
||
| 260 |
_aAustin : _bHolt, Rinehart and winston, _cc2002. |
||
| 300 |
_a100 p. ; _c28 cm. |
||
| 562 | _e1 | ||
| 650 | _2 Physics--Laboratory manuals. | ||
| 650 | _2 Physics--Experiments. | ||
| 650 | _2Physics--Study and teaching. | ||
| 942 |
_2lcc _cBK |
||
| 999 |
_c6946 _d6946 |
||